Znani ludzie według inicjałów - imiona na "B" - Statystyki

Ogólne statystyki
  • Ten quiz został rozwiązany 287 razy
  • Średni wynik to 11 z 22
Statystyki odpowiedzi
Inicjały Kim jest ta osoba? Odpowiedź % Poprawnych
BO Amerykański polityk, prezydent USA w latach 2009-2017 Barack Obama
91%
BL Amerykański aktor i mistrz karate pochodzenia chińskiego Bruce Lee
87%
BG Amerykański przedsiębiorca, wieloletni prezes zarządu firmy Microsoft Bill Gates
85%
BM Jamajski muzyk, uznawany za jednego z prekursorów muzyki reggae Bob Marley
85%
BK Polski siatkarz, mistrz świata i MVP turnieju w 2018 r. Bartosz Kurek
84%
BS Amerykańska piosenkarka, wśród jej największych przebojów znajdują się "Oops, I did it again" i "...Baby One More Time" Britney Spears
83%
BC Amerykański polityk, prezydent USA w latach 1993-2001 Bill Clinton
78%
BZ Polski żużlowiec, mistrz świata z 2019 r. Bartosz Zmarzlik
65%
BF Amerykański polityk, jeden z "ojców założycieli" USA Benjamin Franklin
61%
BW Amerykański aktor, odtwórca roli policjanta Johna McClane'a w "Szklanej pułapce" Bruce Willis
61%
BT Polska aktorka, nazywana "pierwszą damą polskiego filmu", wystąpiła m.in. w "Zemście", "Seksmisji" i "Nocach i dniach" Beata Tyszkiewicz
59%
BB Niemiecki tenisista, zwycięzca 6 turniejów wielkoszlemowych i były lider rankingu Boris Becker
37%
BH Angielski aktor komediowy, znany z programu "The _____ ____ Show" Benny Hill
34%
BA Amerykański aktor i producent, nagrodzony Oscarem za scenariusz do filmu "Buntownik z wyboru" Ben Affleck
28%
BP Francuski matematyk, fizyk i filozof, twórca pierwszej maszyny liczącej Blaise Pascal
27%
BJ Angielski muzyk, wokalista zespołu AC/DC w latach 1980-2016 Brian Johnson
23%
BN Duńska aktorka i modelka, wystąpiła m.in. w filmach "Rocky 4" i "Gliniarz z Beverly Hills" Brigitte Nielsen
19%
BD Angielski muzyk, wokalista zespołu Iron Maiden Bruce Dickinson
19%
BE Brytyjski przedsiębiorca, wieloletni prezes Formuły 1 Bernie Ecclestone
16%
BU Amerykański muzyk, wokalista zespołu Panic! at the Disco Brendon Urie
14%
BI Brytyjski muzyk, założyciel zespołu Generation X, później prowadził karierę solową Billy Idol
13%
BR Amerykański baseballista, uznany za największego sportowca XX w. wg Sports Illustrated Babe Ruth
10%
Nie znaleziono quizów pasujących do podanych kryteriów
Rozkład punktacji
Procent ludzi z każdym wynikiem
Percentyl według liczby udzielonych odpowiedzi
Twoja historia wyników
Nie rozwiązałeś tego quizu